Normal view
MARC view
- Robin Leo
Entry Personal Name
001 - CONTROL NUMBER
- control field: 21680
003 - CONTROL NUMBER IDENTIFIER
- control field: IT-RoPau
005 - DATE AND TIME OF LATEST TRANSACTION
- control field: 20140423104927.0
008 - FIXED-LENGTH DATA ELEMENTS
- fixed length control field: 140423|| aca||aabn | a|a d
040 ## - CATALOGING SOURCE
- Original cataloging agency: IT-RoPau
- Transcribing agency: IT-RoPau
100 ## - HEADING--PERSONAL NAME
- Personal name: Robin Leo
- Miscellaneous information: Codice autore SPICS: 20175
- Relator term: Autore
- Name of part/section of a work: Undecided
670 ## - SOURCE DATA FOUND
- Source citation: Work cat.: (IT-RoPau)100309: AA.VV. 794, Jazz. Gli uomini, gli strumenti, gli stili 62